LEADER 01280cam0-22004091i-4500 001 990006861790403321 005 20161216130433.0 010 $a88-85669-58-1 035 $a000686179 035 $aFED01000686179 035 $a(Aleph)000686179FED01 035 $a000686179 100 $a20010426d1997----km-y0itay50------ba 101 0 $aita 105 $ay-------001yy 200 1 $aSviluppo economico e società preindustriali$ecicli, strutture e congiunture in Europa dal Medioevo alla prima età moderna$fLuciano Palermo 210 $aRoma$cViella$d1997 215 $a464 p.$d21 cm 225 1 $a<>libri di Viella$v12 610 0 $aEconomia$aEuropa$aSviluppo I)$aAspetti sociali (sec. XIV-XVI) 610 0 $aEuropa$aCondizioni socioeconomiche (sec. XIV-XVI) 676 $a330.94 676 $a306.3094 700 1$aPalermo,$bLuciano$0139809 801 0$aIT$bUNINA$gRICA$2UNIMARC 901 $aBK 912 $a990006861790403321 952 $aCollez. 2105 (12)$b31799$fFSPBC 952 $aSE 112.01.28-$b1072D$fDECTS 952 $a306.3094 PAL 1$b6618$fBFS 952 $aN1.148$b7375$fDECTS 959 $aFSPBC 959 $aDECSE 959 $aBFS 959 $aDECTS 996 $aSviluppo economico e società preindustriali$9625022 997 $aUNINA LEADER 01489nam--2200397---450- 001 990000667630203316 005 20090903093323.0 010 $a88-14-09013-0 035 $a0066763 035 $aUSA010066763 035 $a(ALEPH)000066763USA01 035 $a0066763 100 $a20011005d2001----km-y0itay0103----ba 101 $aita 102 $aIT 105 $a||||||||001yy 200 1 $a<> IVA e gli scambi intracomunitari$easpetti generali, operazioni intracomunitarie, regimi speciali ed operazioni triangolari, depositi IVA, adempimenti contabili ed amministrativi, disposizioni ministeriali, esemplificazioni pratiche 205 $a3.ed. 210 $aMilano$cA.Giuffré$dcopyr.2001 215 $aXII, 527 p.$d24 cm 225 2 $aCosa & Come$iSezione Diritto e Pratica fiscale 410 0$12001$aCosa & Come$iSezione Diritto e Pratica fiscale 606 0 $aEsportazione$xImposta sul valore aggiunto$xGuide pratiche 606 0 $aImportazione$xImposta sul valore aggiunto$xGuide pratiche 676 $a343.45055 700 1$aSANTORO,$bFrancesco$021541 912 $a990000667630203316 951 $aXXIII.4.K 207 (IG VII 709 B)$b31041 G.$cXXIII.4.K 207 (IG VII)$d00077131 959 $aBK 969 $aGIU 979 $aPAOLA$b40$c20011005$lUSA01$h1104 979 $c20020403$lUSA01$h1716 979 $aPATRY$b90$c20040406$lUSA01$h1646 979 $aRSIAV5$b90$c20090903$lUSA01$h0933 996 $aIVA e gli scambi intracomunitari$9126441 997 $aUNISA